HSMTMTS Characters by Episode Count - Statistics

General Stats
  • This quiz has been taken 23 times
  • The average score is 9 of 33
Answer Stats
Hint Answer % Correct
38 Ricky Bowen
78%
37 Gina Porter
67%
33 EJ Caswell
61%
13 Jet
61%
13 Maddox
61%
33 Miss Jenn
56%
38 Ashlyn Caswell
50%
37 Kourtney Greene
39%
9 Lily
39%
25 Nini Salazar-Roberts
39%
5 Val
39%
38 Carlos Rodriguez
33%
5 Corbin Bleu
33%
5 Antoine
28%
20 Benjamin Mazzara
28%
7 Howie
28%
28 Seb Matthew-Smith
28%
17 Mike Bowen
22%
8 Dewey Wood
17%
3 Alex
11%
26 Big Red Redonovich
11%
6 Dani
11%
11 Emmy
11%
1 Jack
11%
1 Jamie Porter
11%
7 Mack Alana
11%
1 Madison
11%
10 Natalie Bagley
11%
6 Principal Gutierrez
11%
7 Channing
6%
10 Michelle Greene
6%
6 Quinn Robbins
6%
3 Zack Roy
6%
No matching quizzes found
Score Distribution
Percent of People with Each Score
Percentile by Number Answered
Your Score History
You have not taken this quiz